Picture dictionary : A first see-and-say book

Bibliographic Details
Main Author: Law, Felicia
Other Authors: Knight, Paula
Format: Book
Published: London : Mercury Junior , 2005
Series:Patchwork
Subjects:

MARC

LEADER 00000cam a2200000 7i4500
001 0000004376
005 20220105104000.0
008 070726
020 |a 1904668860 
090 0 0 |a JP   |b EL ENG (5529) 
100 1 |a Law, Felicia 
245 1 0 |a Picture dictionary :   |b A first see-and-say book   |c written by Felicia Law; illustrated by Paula Knight 
260 |a London :   |b Mercury Junior ,   |c 2005 
440 |a Patchwork 
500 |a Children age 4-6 years old (yellow) 
650 0 |a Early learning 
650 0 |a Junior preschool   |x English   |x Languages 
700 1 |a Knight, Paula 
999 |a 0000973324   |b Book   |c Children Collection   |e Perbadanan Perpustakaan Awam Johor 
999 |a 0000973325   |b Book   |c Children Collection   |e Perbadanan Perpustakaan Awam Johor